[Event "Titled Tuesday intern op 12th May"]
[Site "Chess.com INT"]
[Date "2020.05.12"]
[Round "2"]
[White "Demchenko, Anton"]
[Black "Furfine, Jacob"]
[Result "1/2-1/2"]
[WhiteElo "2641"]
[BlackElo "2295"]
[PlyCount "114"]
[EventDate "2020.05.12"]
[EventType "swiss (blitz)"]
[EventRounds "10"]
[EventCountry "USA"]
[SourceTitle "EXT 2021"]
[Source "ChessBase"]
[SourceDate "2020.10.23"]
[SourceVersion "1"]
[SourceVersionDate "2020.10.23"]
[SourceQuality "1"]

1. e4 c5 2. Nf3 Nc6 3. Bb5 g6 4. 0-0 Bg7 5. Nc3 e5 6. d3 Nge7 7. Bg5 0-0 8. Bxe7 Nxe7 9. a4 d5 10. exd5 Nxd5 11. Re1 Nxc3 12. bxc3 e4 13. Rxe4 Bxc3 14. Rb1 Bf5 15. Re3 Bf6 16. Bc4 Qc7 17. Qe1 Kg7 18. h3 h5 19. a5 Rab8 20. Ne5 Rbe8 21. f4 h4 22. Kh1 Re7 23. Bd5 b6 24. axb6 axb6 25. Bc4 Rfe8 26. Bb5 Ra8 27. Qe2 Ra2 28. Bc4 Ra8 29. Re1 Rd8 30. Qf3 Rd4 31. c3 Rd8 32. Bd5 Rde8 33. c4 Bxe5 34. fxe5 Rxe5 35. Qf4 f6 36. Ra1 Qe7 37. Rf3 Re1+ 38. Rf1 Rxf1+ 39. Rxf1 Qe2 40. Rg1 Re7 41. Qxh4 Qxd3 42. Ra1 Qd4 43. Qxd4 cxd4 44. Rd1 d3 45. Kg1 Re2 46. g4 Be4 47. Kf1 Bxd5 48. cxd5 Rh2 49. Rxd3 Kf7 50. d6 Ke8 51. Rf3 f5 52. gxf5 gxf5 53. Rxf5 Kd7 54. Rb5 Rxh3 55. Rxb6 Rd3 56. Ke2 Rxd6 57. Rxd6+ Kxd6 1/2-1/2

[Event "Titled Tuesday intern op 5th May"]
[Site "Chess.com INT"]
[Date "2020.05.05"]
[Round "7"]
[White "Furfine, Jacob"]
[Black "Balakrishnan, Praveen"]
[Result "0-1"]
[WhiteElo "2295"]
[BlackElo "2498"]
[PlyCount "38"]
[EventDate "2020.05.05"]
[EventType "swiss (blitz)"]
[EventRounds "10"]
[EventCountry "USA"]
[SourceTitle "EXT 2021"]
[Source "ChessBase"]
[SourceDate "2020.10.23"]
[SourceVersion "1"]
[SourceVersionDate "2020.10.23"]
[SourceQuality "1"]

1. d4 d5 2. Nc3 Nf6 3. Bf4 e6 4. e3 c5 5. Nb5 Na6 6. c3 Be7 7. h3 0-0 8. Nf3 Bd7 9. a4 Bxb5 10. axb5 Nc7 11. dxc5 Bxc5 12. Be2 Bd6 13. Qd4 Ne4 14. Rxa7 Rxa7 15. Qxa7 Bxf4 16. exf4 Qa8 17. Qd4 Qa1+ 18. Qd1 Qxb2 19. Bd3 Qxf2# 0-1

[Event "Titled Tuesday intern op 7th April"]
[Site "Chess.com INT"]
[Date "2020.04.07"]
[Round "4"]
[White "Grochal, Joey"]
[Black "Furfine, Jacob"]
[Result "1-0"]
[WhiteElo "2335"]
[BlackElo "2295"]
[PlyCount "61"]
[EventDate "2020.04.07"]
[EventType "swiss (blitz)"]
[EventRounds "10"]
[EventCountry "USA"]
[SourceTitle "EXT 2021"]
[Source "ChessBase"]
[SourceDate "2020.10.23"]
[SourceVersion "1"]
[SourceVersionDate "2020.10.23"]
[SourceQuality "1"]

1. d4 Nf6 2. c4 e6 3. Nf3 d5 4. Nc3 a6 5. c5 b6 6. cxb6 cxb6 7. Bf4 Bd6 8. e3 0-0 9. Bd3 Bb7 10. Ne5 Nc6 11. Qf3 b5 12. Qh3 h6 13. Ne2 Rc8 14. g4 Bxe5 15. dxe5 Ne4 16. Bxe4 dxe4 17. g5 hxg5 18. Rg1 f6 19. Qxe6+ Rf7 20. exf6 gxf6 21. Rd1 Qe7 22. Qf5 Nb4 23. Bxg5 fxg5 24. Rxg5+ Rg7 25. Rxg7+ Qxg7 26. Rd7 Nd3+ 27. Kf1 Qh6 28. Rxb7 Rf8 29. Qg4+ Kh8 30. Nf4 Nxf4 31. exf4 1-0

[Event "Charlotte CCCSA Holiday IM"]
[Site "Charlotte"]
[Date "2019.12.29"]
[Round "6"]
[White "Myers, Dominique"]
[Black "Furfine, Jacob"]
[Result "0-1"]
[WhiteElo "2012"]
[BlackElo "2302"]
[PlyCount "104"]
[EventDate "2019.12.26"]
[EventType "tourn"]
[EventRounds "9"]
[EventCountry "USA"]
[EventCategory "3"]
[SourceTitle "CBM 194 Extra"]
[Source "ChessBase"]
[SourceDate "2020.03.31"]
[SourceVersion "1"]
[SourceVersionDate "2020.03.31"]
[SourceQuality "1"]

1. e4 c5 2. Nf3 a6 3. c4 e6 4. Nc3 Qc7 5. d4 cxd4 6. Nxd4 Nf6 7. Be2 b6 8. 0-0 Bb7 9. Qd3 d6 10. Bg5 Nbd7 11. Qh3 Be7 12. Rfe1 0-0 13. Rac1 Rfe8 14. Be3 Bf8 15. Bd3 Rac8 16. Bb1 Qb8 17. b3 g6 18. f4 Bg7 19. Nf3 b5 20. Nd2 bxc4 21. Nxc4 d5 22. Nd2 d4 23. Bxd4 Qxf4 24. Nc4 Nxe4 25. Bxg7 Qf2+ 26. Kh1 Qxe1+ 27. Rxe1 Nf2+ 28. Kg1 Nxh3+ 29. gxh3 Kxg7 30. Nd6 Rxc3 31. Nxe8+ Kf8 32. Nd6 Bd5 33. Ne4 Bxe4 34. Bxe4 a5 35. Kg2 Ke7 36. Re2 Nc5 37. Bc2 f5 38. h4 Kf6 39. Bd1 e5 40. Rb2 e4 41. a3 Nd3 42. Rb1 Nf4+ 43. Kf1 Nd5 44. b4 Rxa3 45. b5 Nb6 46. Rc1 Ke5 47. Rc6 Nd5 48. Ke1 Ra1 49. Kd2 Rb1 50. Be2 Rb2+ 51. Ke1 f4 52. h5 f3 0-1

[Event "Charlotte CCCSA Holiday IM"]
[Site "Charlotte"]
[Date "2019.12.28"]
[Round "4"]
[White "Furfine, Jacob"]
[Black "Diulger, Alexey"]
[Result "1/2-1/2"]
[WhiteElo "2302"]
[BlackElo "2291"]
[PlyCount "135"]
[EventDate "2019.12.26"]
[EventType "tourn"]
[EventRounds "9"]
[EventCountry "USA"]
[EventCategory "3"]
[SourceTitle "CBM 194 Extra"]
[Source "ChessBase"]
[SourceDate "2020.03.31"]
[SourceVersion "1"]
[SourceVersionDate "2020.03.31"]
[SourceQuality "1"]

1. d4 c5 2. d5 f5 3. e4 fxe4 4. Nc3 Nf6 5. g4 h6 6. Bg2 e5 7. h4 d6 8. g5 Bg4 9. Nge2 hxg5 10. hxg5 Rxh1+ 11. Bxh1 Nh7 12. Nxe4 Be7 13. Qd3 Nf8 14. Bd2 Qb6 15. N2c3 Na6 16. Qb5+ Bd7 17. Qxb6 axb6 18. f4 Ng6 19. fxe5 Nxe5 20. 0-0-0 b5 21. Bf4 b4 22. Bxe5 dxe5 23. Ne2 Bg4 24. Rd2 Bxe2 25. Rxe2 0-0-0 26. d6 Bxd6 27. Nxd6+ Rxd6 28. Rxe5 b6 29. Re7 Rd7 30. Re6 Rf7 31. Be4 Rf4 32. Bd3 c4 33. Rc6+ Kd7 34. Rxc4 Rxc4 35. Bxc4 Nc5 36. b3 Ne4 37. g6 Nc3 38. Kb2 Nd1+ 39. Kc1 Nc3 40. Kd2 Nxa2 41. Ke3 Nc3 42. Kd4 Kd6 43. Bd3 b5 44. Bf1 Ke6 45. Kc5 Na2 46. Bxb5 Kf6 47. Bd3 Ke7 48. Kd5 Kd7 49. Ke5 Nc3 50. Bf5+ Ke7 51. Kd4 Kd6 52. Kc4 Na2 53. Bd3 Kc6 54. Be4+ Kd6 55. Bf3 Ke5 56. Bd5 Kf5 57. Bf7 Ke5 58. Kc5 Kf6 59. Be8 Kf5 60. Kd5 Kf6 61. Kd6 Nc3 62. Kc5 Na2 63. Kd5 Nc3+ 64. Kd6 Na2 65. Bf7 Nc3 66. Kc5 Na2 67. Kc4 Kf5 68. Kd4 1/2-1/2

[Event "Saint Louis SPICE Cup op 13th"]
[Site "Saint Louis"]
[Date "2019.10.25"]
[Round "6"]
[White "Furfine, Jacob"]
[Black "Yanayt, Eugene"]
[Result "1-0"]
[WhiteElo "2298"]
[BlackElo "2220"]
[PlyCount "109"]
[EventDate "2019.10.22"]
[EventType "swiss"]
[EventRounds "9"]
[EventCountry "USA"]
[SourceTitle "CBM 192 Extra"]
[Source "Chessbase"]
[SourceDate "2019.11.06"]
[SourceVersion "1"]
[SourceVersionDate "2019.11.06"]
[SourceQuality "1"]

1. d4 Nf6 2. Nc3 d5 3. Bf4 e6 4. e3 Bb4 5. Nge2 0-0 6. a3 Be7 7. g4 Nxg4 8. Rg1 f5 9. Qd2 c5 10. f3 Nf6 11. 0-0-0 Nc6 12. Bh6 Rf7 13. Nf4 Kh8 14. Bg5 Bd7 15. h4 Rc8 16. h5 Ng8 17. Bxe7 Qxe7 18. Bb5 a6 19. Bxc6 Bxc6 20. Nd3 Rf6 21. Rg5 cxd4 22. exd4 Nh6 23. Rdg1 Rg8 24. Qg2 f4 25. Ne2 Bb5 26. Nexf4 Qf8 27. Qd2 Bxd3 28. Nxd3 Rxf3 29. Qe2 Qf6 30. Kb1 Rf5 31. R5g2 Qxd4 32. Qxe6 Rxh5 33. Qe7 b5 34. Nf4 Rh2 35. Ne6 Qf6 36. Qxf6 gxf6 37. Rxg8+ Nxg8 38. Nc7 Rh5 39. Nxa6 Rg5 40. Rd1 h5 41. Nc7 h4 42. Rh1 Rh5 43. Nxb5 h3 44. Nd4 Nh6 45. a4 Ng4 46. a5 h2 47. a6 Kg7 48. Ne6+ Kf7 49. Nd8+ Kg6 50. a7 Nf2 51. Rxh2 Rxh2 52. a8Q Rh5 53. Ne6 Re5 54. Nf4+ Kf5 55. Nxd5 1-0

[Event "Saint Louis SPICE Cup op 13th"]
[Site "Saint Louis"]
[Date "2019.10.24"]
[Round "4"]
[White "Furfine, Jacob"]
[Black "Grabinsky, Aaron"]
[Result "1-0"]
[WhiteElo "2298"]
[BlackElo "2339"]
[PlyCount "81"]
[EventDate "2019.10.22"]
[EventType "swiss"]
[EventRounds "9"]
[EventCountry "USA"]
[SourceTitle "CBM 192 Extra"]
[Source "Chessbase"]
[SourceDate "2019.11.06"]
[SourceVersion "1"]
[SourceVersionDate "2019.11.06"]
[SourceQuality "1"]

1. f4 g6 2. Nf3 Bg7 3. g3 b6 4. e4 Bb7 5. d3 e6 6. Bg2 Ne7 7. 0-0 0-0 8. c3 c5 9. Na3 d6 10. Be3 Qd7 11. Qe2 b5 12. Bf2 a6 13. d4 c4 14. Nc2 Nbc6 15. h4 h5 16. Rad1 Rae8 17. Qd2 Nd8 18. Rfe1 Qc8 19. Bh3 f5 20. Ng5 Nf7 21. d5 Nxg5 22. hxg5 Kh7 23. Ne3 e5 24. exf5 Nxf5 25. Bxf5 gxf5 26. Qe2 Kg6 27. Ng2 Rh8 28. Nh4+ Kf7 29. fxe5 Bxe5 30. Qf3 Ref8 31. Bd4 Qc7 32. Bxe5 dxe5 33. Qxf5+ Ke8 34. Qxe5+ Qxe5 35. Rxe5+ Kd7 36. d6 Re8 37. Re7+ Kc6 38. Ng6 Rhg8 39. Ne5+ Kc5 40. Rxe8 Rxe8 41. d7 1-0

[Event "Saint Louis SPICE Cup op 13th"]
[Site "Saint Louis"]
[Date "2019.10.23"]
[Round "3"]
[White "Komarov, Dimitri"]
[Black "Furfine, Jacob"]
[Result "1-0"]
[WhiteElo "2505"]
[BlackElo "2298"]
[PlyCount "87"]
[EventDate "2019.10.22"]
[EventType "swiss"]
[EventRounds "9"]
[EventCountry "USA"]
[SourceTitle "CBM 192 Extra"]
[Source "Chessbase"]
[SourceDate "2019.11.06"]
[SourceVersion "1"]
[SourceVersionDate "2019.11.06"]
[SourceQuality "1"]

1. d4 f5 2. Nc3 Nf6 3. Bg5 d5 4. Bxf6 exf6 5. e3 Be6 6. Bd3 Qd7 7. Nge2 Nc6 8. Nf4 0-0-0 9. Nxe6 Qxe6 10. Ne2 Nb4 11. 0-0 Nxd3 12. Qxd3 Bd6 13. b3 h5 14. c4 dxc4 15. bxc4 h4 16. h3 g5 17. Qb3 c5 18. Rab1 Rh7 19. Rfd1 Rhd7 20. dxc5 Bxc5 21. Rd5 Bb6 22. Nd4 Qf7 23. Nxf5 Rxd5 24. cxd5 Kb8 25. e4 Qc7 26. d6 Qc5 27. Qb2 Re8 28. Rc1 Qe5 29. Qc2 a6 30. Rb1 Bc5 31. Rd1 Rd8 32. Rd5 Qa1+ 33. Rd1 Qe5 34. d7 Bb6 35. Rd5 Qa1+ 36. Rd1 Qe5 37. Nd6 Bc7 38. Nf7 Qh2+ 39. Kf1 Rf8 40. d8Q+ Bxd8 41. Nxd8 Qh1+ 42. Ke2 Qxg2 43. Rd7 Qxh3 44. Qc7+ 1-0

[Event "Titled Tuesday intern op 3rd Sept"]
[Site "Chess.com INT"]
[Date "2019.09.03"]
[Round "3"]
[White "Lopez Idarraga, Daniel Eduardo"]
[Black "Furfine, Jacob"]
[Result "0-1"]
[WhiteElo "2001"]
[BlackElo "2298"]
[PlyCount "42"]
[EventDate "2019.09.03"]
[EventType "swiss (blitz)"]
[EventRounds "10"]
[EventCountry "USA"]
[SourceTitle "EXT 2021"]
[Source "ChessBase"]
[SourceDate "2020.10.23"]
[SourceVersion "1"]
[SourceVersionDate "2020.10.23"]
[SourceQuality "1"]

1. d4 d5 2. Bf4 c5 3. c3 Nc6 4. e3 Bf5 5. Bd3 Bxd3 6. Qxd3 e6 7. Nd2 Nf6 8. Ngf3 Qb6 9. 0-0 Be7 10. dxc5 Qxc5 11. e4 0-0 12. Rfe1 Rfd8 13. e5 Nd7 14. Ng5 Nf8 15. Qf3 Bxg5 16. Bxg5 Rd7 17. Nb3 Qc4 18. Rad1 Ng6 19. g3 Ncxe5 20. Qe2 Qxe2 21. Rxe2 Nf3+ 0-1

[Event "Titled Tuesday intern op 3rd Sept"]
[Site "Chess.com INT"]
[Date "2019.09.03"]
[Round "1"]
[White "Terry, Renato"]
[Black "Furfine, Jacob"]
[Result "1/2-1/2"]
[WhiteElo "2514"]
[BlackElo "2298"]
[PlyCount "150"]
[EventDate "2019.09.03"]
[EventType "swiss (blitz)"]
[EventRounds "10"]
[EventCountry "USA"]
[SourceTitle "EXT 2021"]
[Source "ChessBase"]
[SourceDate "2020.10.23"]
[SourceVersion "1"]
[SourceVersionDate "2020.10.23"]
[SourceQuality "1"]

1. e4 c5 2. Nf3 Nc6 3. Bb5 e6 4. 0-0 Nge7 5. Re1 a6 6. Bxc6 Nxc6 7. d4 cxd4 8. Nxd4 d6 9. Nxc6 bxc6 10. Qg4 e5 11. Qg3 h5 12. h3 h4 13. Qc3 Qc7 14. Na3 Be7 15. Nc4 Be6 16. a4 0-0 17. a5 f5 18. exf5 Rxf5 19. Qd3 Raf8 20. f3 d5 21. Ne3 R5f7 22. Bd2 e4 23. fxe4 Rf2 24. Nf5 Bc5 25. Be3 dxe4 26. Qxe4 Bd5 27. Bxc5 Bxe4 28. Ne7+ Qxe7 29. Bxe7 Rxg2+ 30. Kh1 Re2+ 31. Kg1 Rg2+ 32. Kh1 Re2+ 33. Kg1 Rff2 34. Rxe2 Rxe2 35. Bxh4 Rg2+ 36. Kf1 Rxc2 37. Bf2 Rxb2 38. Re1 Bd3+ 39. Kg1 Rb5 40. Bb6 c5 41. Re5 Kf7 42. Rxc5 Rxc5 43. Bxc5 Bb5 44. Kf2 g6 45. Kg3 Kg7 46. h4 Kh7 47. Be3 Bc4 48. Bg5 Bb5 49. Kf4 Bc4 50. Ke5 Bb5 51. Ke6 Bc4+ 52. Kf6 Bb5 53. Kf7 Bc4+ 54. Kf6 Bb5 55. Bf4 Bd3 56. Bg3 Bb5 57. Bf2 Bc4 58. Be1 Bb5 59. Bd2 Bc4 60. Bf4 Bd3 61. Be3 Bb5 62. Bg5 Bd3 63. Bf4 Bb5 64. Bg3 Bd3 65. Bf2 Bb5 66. Be1 Bd3 67. h5 gxh5 68. Kg5 Be2 69. Bd2 Kg8 70. Be1 Kf7 71. Kh4 Ke6 72. Bd2 Kd6 73. Be1 Kc5 74. Bd2 Kd4 75. Be1 Kc4 1/2-1/2

[Event "World op 47th"]
[Site "Philadelphia"]
[Date "2019.07.05"]
[Round "4"]
[White "Furfine, Jacob"]
[Black "Finegold, Benjamin"]
[Result "0-1"]
[WhiteElo "2269"]
[BlackElo "2475"]
[PlyCount "60"]
[EventDate "2019.07.03"]
[EventType "swiss"]
[EventRounds "9"]
[EventCountry "USA"]
[SourceTitle "CBM 191 Extra"]
[Source "ChessBase"]
[SourceDate "2019.09.30"]
[SourceVersion "1"]
[SourceVersionDate "2019.09.30"]
[SourceQuality "1"]

1. d4 d6 2. Nf3 Bg4 3. e3 Nf6 4. Be2 e6 5. 0-0 Nbd7 6. c4 c6 7. b3 d5 8. Bb2 Bd6 9. Nc3 0-0 10. h3 Bh5 11. Qc2 Qe7 12. e4 Bg6 13. Bd3 dxc4 14. bxc4 e5 15. dxe5 Nxe5 16. Nxe5 Bxe5 17. Rae1 Nh5 18. g3 Rad8 19. Kg2 Qd6 20. Re3 Bd4 21. Rf3 Nf6 22. Rd1 Rfe8 23. Rf4 Be5 24. Rf3 Bd4 25. Rf4 Qe5 26. Rh4 Qe7 27. Be2 Nxe4 28. Rxe4 Bxe4+ 29. Qxe4 Qxe4+ 30. Nxe4 Bxb2 0-1

[Event "North American-ch U20"]
[Site "Charlotte"]
[Date "2019.06.30"]
[Round "9"]
[White "Vivekananthan, Anish"]
[Black "Furfine, Jacob"]
[Result "0-1"]
[WhiteElo "2130"]
[BlackElo "2269"]
[PlyCount "62"]
[EventDate "2019.06.26"]
[EventType "swiss"]
[EventRounds "9"]
[EventCountry "USA"]
[SourceTitle "CBM 191 Extra"]
[Source "ChessBase"]
[SourceDate "2019.09.30"]
[SourceVersion "1"]
[SourceVersionDate "2019.09.30"]
[SourceQuality "1"]

1. Nf3 d5 2. g3 Bg4 3. Bg2 c6 4. 0-0 e6 5. c4 Bd6 6. cxd5 Bxf3 7. Bxf3 cxd5 8. Nc3 Nf6 9. d3 0-0 10. e4 dxe4 11. dxe4 Nc6 12. Bg2 Qe7 13. Be3 Bc5 14. Qe2 Rfd8 15. Rfd1 Bxe3 16. Qxe3 Qb4 17. h3 Qxb2 18. Rdb1 Qc2 19. Rxb7 Ne5 20. Rc1 Qd2 21. Qxd2 Rxd2 22. f4 Nd3 23. Rcb1 g6 24. e5 Nd5 25. Nxd5 exd5 26. Bxd5 Nxe5 27. Bg2 Nd3 28. Rd7 Re8 29. Rf1 Re3 30. Rf3 Rxf3 31. Bxf3 Ne5 0-1

[Event "North American-ch U20"]
[Site "Charlotte"]
[Date "2019.06.28"]
[Round "5"]
[White "Furfine, Jacob"]
[Black "Peng, David T"]
[Result "1/2-1/2"]
[WhiteElo "2269"]
[BlackElo "2287"]
[PlyCount "119"]
[EventDate "2019.06.26"]
[EventType "swiss"]
[EventRounds "9"]
[EventCountry "USA"]
[SourceTitle "CBM 191 Extra"]
[Source "ChessBase"]
[SourceDate "2019.09.30"]
[SourceVersion "1"]
[SourceVersionDate "2019.09.30"]
[SourceQuality "1"]

1. d4 Nf6 2. c4 e6 3. Nf3 b6 4. g3 Ba6 5. Qc2 c5 6. d5 exd5 7. cxd5 Bb7 8. Bg2 Nxd5 9. 0-0 Nc6 10. Rd1 Be7 11. Qa4 Nf6 12. Nh4 0-0 13. Nf5 d5 14. Nc3 Nd4 15. Nxd4 cxd4 16. Rxd4 Bc5 17. Rd3 Qe8 18. Be3 Bxe3 19. Rxe3 Qxa4 20. Nxa4 Bc6 21. Ra3 Rfc8 22. Rd1 Bxa4 23. Rxa4 Rc2 24. Bxd5 Nxd5 25. Rxd5 g6 26. Rb5 Re8 27. e3 Rd8 28. Rd4 Rxd4 29. exd4 Rd2 30. d5 Kg7 31. a4 Kf6 32. a5 bxa5 33. Rxa5 Rxb2 34. Rxa7 Rd2 35. Rd7 Kg7 36. g4 h5 37. gxh5 gxh5 38. Kg2 Kf8 39. d6 Ke8 40. Re7+ Kf8 41. Re5 Rxd6 42. Rxh5 Kg7 43. Rg5+ Kh6 44. Rg4 Rd3 45. f3 Rd2+ 46. Kg3 Ra2 47. h4 Ra5 48. Rg8 Ra4 49. Rg5 Rb4 50. f4 Rb6 51. Kg4 Ra6 52. Rf5 Kg7 53. Rg5+ Kh7 54. h5 Rb6 55. Ra5 Kh6 56. Ra8 Rc6 57. Ra7 Kg7 58. Kg5 Rc5+ 59. f5 Rc6 60. Rb7 1/2-1/2

[Event "North American-ch U20"]
[Site "Charlotte"]
[Date "2019.06.27"]
[Round "4"]
[White "Wang, Annie"]
[Black "Furfine, Jacob"]
[Result "1/2-1/2"]
[WhiteElo "2334"]
[BlackElo "2269"]
[PlyCount "149"]
[EventDate "2019.06.26"]
[EventType "swiss"]
[EventRounds "9"]
[EventCountry "USA"]
[SourceTitle "CBM 191 Extra"]
[Source "ChessBase"]
[SourceDate "2019.09.30"]
[SourceVersion "1"]
[SourceVersionDate "2019.09.30"]
[SourceQuality "1"]

1. d4 d5 2. c4 e6 3. Nc3 Be7 4. Nf3 Nf6 5. g3 Nbd7 6. Bg2 dxc4 7. Qa4 0-0 8. Qxc4 c5 9. dxc5 Nxc5 10. 0-0 Bd7 11. Ne5 Rc8 12. Nxd7 Nfxd7 13. Be3 Ne5 14. Qf4 Ng6 15. Qb4 Qc7 16. Rad1 Ne5 17. Qf4 a6 18. Ne4 Nc4 19. Qxc7 Rxc7 20. Bxc5 Bxc5 21. Nxc5 Rxc5 22. b3 Ne5 23. Bxb7 Rc2 24. Ra1 Rxe2 25. Bxa6 Rc2 26. Bb7 g5 27. Be4 Rb2 28. f4 Ng4 29. h3 f5 30. Bc6 Rc8 31. Bb7 Rc3 32. Rf3 Rxf3 33. Bxf3 Ne3 34. fxg5 Nc2 35. Rd1 Rxa2 36. Rd2 e5 37. Bd5+ Kg7 38. Re2 e4 39. Kh2 Ra5 40. Rxc2 Rxd5 41. Kg2 Kg6 42. h4 Rd6 43. b4 Rb6 44. Rc4 Kh5 45. Kh3 Kg6 46. g4 Re6 47. gxf5+ Kxf5 48. Kg3 e3 49. Rf4+ Ke5 50. Kf3 Kd5 51. Ke2 Re7 52. h5 Ke5 53. Kxe3 Ra7 54. Rd4 Ra1 55. Rd7 Ra3+ 56. Kd2 Kf5 57. g6 hxg6 58. h6 Rh3 59. h7 Ke6 60. Rg7 Kd5 61. b5 Kc5 62. Rb7 g5 63. Ke2 g4 64. Kf2 Rf3+ 65. Kg1 Rh3 66. Kg2 Kd6 67. Rg7 Kc5 68. Rb7 Kd6 69. Kf2 Rf3+ 70. Ke2 Rh3 71. Rg7 Kc5 72. Rg5+ Kb6 73. Kd2 Rxh7 74. Kc3 g3 75. Rxg3 1/2-1/2

[Event "USA-ch High School K12"]
[Site "Schaumburg"]
[Date "2019.03.16"]
[Round "4"]
[White "Tanenbaum, Zachary Chen"]
[Black "Furfine, Jacob"]
[Result "1-0"]
[WhiteElo "2102"]
[BlackElo "2272"]
[PlyCount "61"]
[EventDate "2019.03.15"]
[EventType "swiss"]
[EventRounds "7"]
[EventCountry "USA"]
[SourceTitle "CBM 189 Extra"]
[Source "ChessBase"]
[SourceDate "2019.06.03"]
[SourceVersion "1"]
[SourceVersionDate "2019.06.03"]
[SourceQuality "1"]

1. e4 c5 2. Nf3 a6 3. Nc3 e6 4. d4 cxd4 5. Nxd4 d6 6. Be3 Nf6 7. f3 b5 8. Qd2 Bb7 9. g4 Nfd7 10. 0-0-0 Nb6 11. h4 N8d7 12. a3 Rc8 13. g5 Ne5 14. f4 Nec4 15. Bxc4 Nxc4 16. Qd3 Nxe3 17. Qxe3 Qb6 18. Qd3 b4 19. axb4 Qxb4 20. h5 Be7 21. g6 Bf6 22. e5 dxe5 23. Nxe6 Qe7 24. gxf7+ Qxf7 25. Qh3 Rc6 26. f5 Bc8 27. Nd5 Bxe6 28. fxe6 Bg5+ 29. Kb1 Qf2 30. Qb3 Qa7 31. Qa4 1-0